|
|
|
|
| LEADER |
00000nab a2200000 a 4500 |
| 001 |
vtls010061696 |
| 003 |
SK-MaSNL |
| 005 |
20260305010532.0 |
| 008 |
250507|1992 xo |||||||||||1|| b|slo |
| 015 |
|
|
|a SNBRB2010/02
|2 snkbucl
|
| 035 |
|
|
|a urn:nbn:sk:snk-ab7rv6
|
| 035 |
|
|
|a (urnnbn)urn:nbn:sk:snk:ar-002ctl
|
| 035 |
|
|
|a (uuid)4a818492-20b2-416f-83d1-a286df3eb1ae
|
| 038 |
|
|
|a SNKBUCL
|
| 040 |
|
|
|a SNKBUCL
|b slo
|c SNKBUCL
|e AACR2
|
| 041 |
1 |
|
|a slo
|h pol
|
| 044 |
|
|
|a xo
|c SK
|
| 080 |
|
|
|a 78.01
|2 2001
|
| 100 |
1 |
|
|a Lutosławski, Witold,
|d 1913-1994
|4 aut
|9 118999
|
| 245 |
1 |
0 |
|a Skladateľ a poslucháč
|c Witold Lutosławski
|
| 500 |
|
|
|a Prevzaté z časopisu Ruch muzyczny. - Č. 4 (1964), s. 3-4
|
| 650 |
0 |
7 |
|a hudba
|2 snkbucl
|9 1063
|
| 650 |
0 |
7 |
|a hudobní skladatelia
|2 snkbucl
|9 3188
|
| 650 |
0 |
7 |
|a hudobní poslucháči
|2 snkbucl
|9 1474325
|
| 650 |
0 |
7 |
|a vnímanie hudby
|2 snkbucl
|9 71068
|
| 655 |
|
7 |
|a úvahy
|2 snkbucl
|9 29403
|
| 773 |
0 |
|
|t Slovenská hudba
|g Roč. XVII, č. 4 (1992), s. 443-444
|
| 850 |
|
|
|a Slovenská národná knižnica
|
| 852 |
|
|
|a Slovenská národná knižnica
|
| 954 |
|
|
|a odborná, vedecká literatúra pôvodná (slovenská)
|2 lita
|
| 958 |
|
|
|a article9
|
| 958 |
|
|
|a OND
|
| 958 |
|
|
|a EUIPO
|
| 999 |
|
|
|c 3247177
|d 3249107
|